Endocrinology today: peer reviewed updates for medical practitioners (Record no. 31342)
[ view plain ]
| 000 -LEADER | |
|---|---|
| fixed length control field | 00499nas a2200133 a 4500 |
| 008 - FIXED-LENGTH DATA ELEMENTS--GENERAL INFORMATION | |
| fixed length control field | 131003c99999999||||||||||||||||| || u |
| 022 ## - | |
| -- | 22003835 |
| 050 ## - LIBRARY OF CONGRESS CALL NUMBER | |
| Classification number | PER/ET/SOM |
| 245 00 - TITLE STATEMENT | |
| Title | Endocrinology today: peer reviewed updates for medical practitioners |
| 260 ## - PUBLICATION, DISTRIBUTION, ETC. | |
| Place of publication, distribution, etc. | Sydney |
| 362 1# - | |
| -- | <p>2013(Vol.2/No.1,2)</p> |
| 650 ## - SUBJECT ADDED ENTRY--TOPICAL TERM | |
| Topical term or geographic name entry element | ENDOCRINOLOGY--PERIODICALS |
| 995 ## - | |
| -- | SERIALS |
| -- | Vol.2/No.1-2013 |
| -- | CBU-SCHOOL OF MEDICINE LIBRARY (Ndola) |
| -- | PER/ET/SOM |
| -- | 1 |
| -- | AVAILABLE |
| -- | Oct 3, 2013 |
| -- | 22001321 |
| -- | Serial (Print) |
| 999 ## - | |
| -- | 31342 |
| -- | 31342 |
| Withdrawn status | Lost status | Source of classification or shelving scheme | Damaged status | Not for loan | Permanent Location | Current Location | Shelving location | Date acquired | Total Checkouts | Full call number | Barcode | Date last seen | Price effective from | Koha item type |
|---|---|---|---|---|---|---|---|---|---|---|---|---|---|---|
| CBU-SCHOOL OF MEDICINE LIBRARY, NDOLA. | CBU-SCHOOL OF MEDICINE LIBRARY, NDOLA. | 11/30/2022 | PER/ET/SOM | 22001321 | 11/30/2022 | 11/30/2022 | MONOGRAPH |